[Event "African Online op"]
[Site "Tornelo INT"]
[Date "2021.02.02"]
[Round "2"]
[White "Joelson, Ricardo"]
[Black "Libe, Sofonea"]
[Result "1-0"]
[WhiteElo "2017"]
[BlackElo "1509"]
[PlyCount "57"]
[EventDate "2021.02.01"]
[EventType "swiss (rapid)"]
[EventRounds "9"]
[EventCountry "NET"]
[SourceTitle "CBM 200 Extra"]
[Source "ChessBase"]
[SourceDate "2021.03.31"]
[SourceVersion "1"]
[SourceVersionDate "2021.03.31"]
[SourceQuality "1"]

1. e4 c5 2. Nf3 Nc6 3. d4 cxd4 4. Nxd4 Nf6 5. Nc3 a6 6. Nxc6 bxc6 7. e5 Ng8 8. Bc4 e6 9. 0-0 d5 10. exd6 Bxd6 11. Qf3 Qc7 12. h3 Nf6 13. Rd1 0-0 14. Bg5 Nd5 15. Ne4 Be7 16. Bd2 Bb7 17. Bd3 c5 18. Qh5 g6 19. Qh6 Rfe8 20. Ng5 Nf6 21. Bc3 Bf8 22. Qh4 e5 23. Bc4 Re7 24. Nxf7 Rxf7 25. Qxf6 Bg7 26. Qxf7+ Qxf7 27. Bxf7+ Kxf7 28. Rd7+ Ke6 29. Rxg7 1-0